5HLuxD.jpg

KING HENRY VIII SENIOR AND PRIMARY SCHOOL LIBRARY OPAC

The Amazing Adventures of Ulysses / (Record no. 5693)

000 -LEADER
fixed length control field 01110nam a22002777a 4500
003 - CONTROL NUMBER IDENTIFIER
control field OSt
005 - DATE AND TIME OF LATEST TRANSACTION
control field 20251015080308.0
008 - FIXED-LENGTH DATA ELEMENTS--GENERAL INFORMATION
fixed length control field 251015b ||||| |||| 00| 0 eng d
020 ## - INTERNATIONAL STANDARD BOOK NUMBER
International Standard Book Number 9781474927802
Qualifying information book set
040 ## - CATALOGING SOURCE
Transcribing agency KH8
082 ## - DEWEY DECIMAL CLASSIFICATION NUMBER
Classification number FIC WEB
100 ## - MAIN ENTRY--PERSONAL NAME
Personal name Webb, Vivian,
Relator term author.
245 ## - TITLE STATEMENT
Title The Amazing Adventures of Ulysses /
Statement of responsibility, etc. retold by Vivian Webb and Heather Amery ; illustrated by Stephen Cartwright.
260 ## - PUBLICATION, DISTRIBUTION, ETC.
Place of publication, distribution, etc. England ;
Name of publisher, distributor, etc. Usborne Publishing Ltd ,
Date of publication, distribution, etc. 2007.
300 ## - PHYSICAL DESCRIPTION
Extent 64 pages :
Other physical details color illustrations ;
Dimensions 20 cm.
490 ## - SERIES STATEMENT
Series statement Usborne Young Reading
Volume/sequential designation series two
520 ## - SUMMARY, ETC.
Summary, etc. Ulysses sets out to rescue a Greek princess and finds himself in a ten - year war. But that's only the start of his problems. On his way home, he runs into a one-eyed giant, a witch and a many-headed whirlpool monster...
650 ## - SUBJECT ADDED ENTRY--TOPICAL TERM
Topical term or geographic name entry element Easy reading
Form subdivision fiction
650 ## - SUBJECT ADDED ENTRY--TOPICAL TERM
Topical term or geographic name entry element Story book
Form subdivision fiction
650 ## - SUBJECT ADDED ENTRY--TOPICAL TERM
Topical term or geographic name entry element Young readers
700 ## - ADDED ENTRY--PERSONAL NAME
Personal name Amery, Heather ,
Relator term author.
700 ## - ADDED ENTRY--PERSONAL NAME
Personal name Daynes, Katie,
Relator term adaptor.
700 ## - ADDED ENTRY--PERSONAL NAME
Personal name Cartwright, Stephen,
Relator term illustrator.
830 ## - SERIES ADDED ENTRY--UNIFORM TITLE
Uniform title Usborne Young Reading
942 ## - ADDED ENTRY ELEMENTS (KOHA)
Source of classification or shelving scheme
Koha item type Books - Fiction
Holdings
Withdrawn status Lost status Source of classification or shelving scheme Damaged status Not for loan Collection code Permanent Location Current Location Shelving location Date acquired Full call number Barcode Date last seen Price effective from Koha item type
          Fiction KH8 Senior School Library KH8 Senior School Library Staff Office 2025-10-15 FIC WEB BRKHSL000107 2025-10-15 2025-10-15 Books - Fiction

Powered By KH8 IT Dept